ՀՀ Գիտությունների ազգային ակադեմիայի հիմնարար գիտական գրադարան  =   Fundamental Scientific Library of NAS RA
Normal view MARC view

Entry Personal Name

Number of records used in: 4

001 - CONTROL NUMBER

  • control field: 2540

003 - CONTROL NUMBER IDENTIFIER

  • control field: AM-YEHGA

005 - DATE AND TIME OF LATEST TRANSACTION

  • control field: 20250617070437.0

008 - FIXED-LENGTH DATA ELEMENTS

  • fixed length control field: 051216 a|ac|n|aab||||||||||||a |n|||||||

040 ## - CATALOGING SOURCE

  • Original cataloging agency: AM-YEHGA

100 1# - HEADING--PERSONAL NAME

  • Personal name: Բոյաջյան, Լևոն Անդրանիկի,
  • Dates associated with a name: 1939-

400 1# - SEE FROM TRACING--PERSONAL NAME

  • Personal name: Բոյաջյան, Լևոն,
  • Dates associated with a name: 1939-

400 1# - SEE FROM TRACING--PERSONAL NAME

  • Personal name: Բոյաջյան, Լ.
  • Fuller form of name: (Լևոն),
  • Dates associated with a name: 1939-

400 1# - SEE FROM TRACING--PERSONAL NAME

  • Personal name: Бояджян, Левон Андраникович,
  • Dates associated with a name: 1939-

400 1# - SEE FROM TRACING--PERSONAL NAME

  • Personal name: Бояджян, Левон,
  • Dates associated with a name: 1939-

400 1# - SEE FROM TRACING--PERSONAL NAME

  • Personal name: Бояджян, Л.
  • Fuller form of name: (Левон),
  • Dates associated with a name: 1939-

400 1# - SEE FROM TRACING--PERSONAL NAME

  • Personal name: Boyajyan, Levon Andraniki,
  • Dates associated with a name: 1939-

670 ## - SOURCE DATA FOUND

  • Source citation: Խաչատրյան Հ.Հ. Գրական տեղեկատու, 1986 :
  • Information found: էջ 107 (Լևոն Անդրանիկի Բոյաջյան (25.2.1939, Երևան), արձակագիր, թարգմանիչ, լրագրող, ՍՍՀՄ գրող. միութ. անդամ 1970-ից); bIն.տ. (Հայ-ից ռուս. է թարգմ.)

670 ## - SOURCE DATA FOUND

  • Source citation: Сентябрь город горы : Новеллы, 1969 :
  • Information found: т.л. (Левон Бояджян)

670 ## - SOURCE DATA FOUND

  • Source citation: Крик, 1975 :
  • Information found: т.л. (Р. Овсепян; Пер. с арм. Л. Бояджяна)


ՀՀ ԳԱԱ հիմնարար գիտական գրադարան
ՀՀ,Երևան 0019
Մարշալ Բաղրամյան 24/6
հեռախոս:(374-10) 52-47-50
Հետադարձ կապ

All site content, except where otherwise noted, is licensed under a
Creative Commons License